Normal view
MARC view
- Adnan Iqbal
Entry Personal Name
001 - CONTROL NUMBER
- control field: 124754
003 - CONTROL NUMBER IDENTIFIER
- control field: NUST
005 - DATE AND TIME OF LATEST TRANSACTION
- control field: 20240723160814.0
008 - FIXED-LENGTH DATA ELEMENTS
- fixed length control field: 240723|| aca||aabn | a|a d
040 ## - CATALOGING SOURCE
- Original cataloging agency: NUST
- Transcribing agency: NUST
100 ## - HEADING--PERSONAL NAME
- Personal name: Adnan Iqbal
670 ## - SOURCE DATA FOUND
- Source citation: Work cat.: (NUST)11354: Adnan Iqbal, Reliable data delivery in wireless sensor and ad hoc networks/, 2012.
